000 00459nam a2200157 i 4500
001 40893
003 ES-MaACL
005 20230906160332.0
007 t|
008 030307s1931 sp ||||1| spa d
100 1 _aCarriazo y Arroquia, Juan de Mata.
_935736
245 1 0 _aEsculturas hispánicas del Cortijo del Alamo /
_cpor Juan Mata Carriazo y Arroquia.
260 _aMadrid :
_b[s.n.,
_c1931]
300 _a2 h. ;
_c27 cm.
852 _aES-MaACL
_j1754-F-23
999 _c40893
_d40893